000 00698nam a2200229Ia 4500
003 GCL
008 140319s9999 xx 000 0 ara d
040 _aGCL /
_cGCL
082 0 4 _aق
_b355.07
_bا م
100 1 _aاحمد انور زهران
245 1 0 _aمصر وتكنولوجيا السلاح : تجربة مصر فى استخدام واستيراد وانتاج السلاح /
_cاحمد انور زهران
300 _a89 ص
490 _a
650 0 4 _aالعصر الحديث
650 0 4 _aمصر
650 0 4 _aالعلوم الحربية
650 0 4 _aالاسلحة
650 0 4 _aالقنابل
650 0 4 _aالقذائف
650 0 4 _aالتسليم
942 _2ddc
_cBK
999 _c40277
_d40277